R v Hackney LBC, ex parte Structadene Ltd (Record no. 66575)
[ view plain ]
| 000 -LEADER | |
|---|---|
| fixed length control field | 01426cam a2200241 4500 |
| 001 - CONTROL NUMBER | |
| control field | ABS63765 |
| 008 - FIXED-LENGTH DATA ELEMENTS--GENERAL INFORMATION | |
| fixed length control field | 000000n2001 000 0 eng u |
| 035 ## - SYSTEM CONTROL NUMBER | |
| System control number | (Sirsi) u111741 |
| 245 ## - TITLE STATEMENT | |
| Title | R v Hackney LBC, ex parte Structadene Ltd |
| 260 ## - PUBLICATION, DISTRIBUTION, ETC. | |
| Date of publication, distribution, etc. | 2001 |
| 490 ## - SERIES STATEMENT | |
| Series statement | Estates Gazette |
| Volume/sequential designation | [2001] 12 EG 168-174(7) |
| 520 ## - SUMMARY, ETC. | |
| Summary, etc. | QBD 10 November 2000. The council (A) decided to sell some industrial units occupied by tenants at auction. Company (B) expressed an interest in buying these. On the day of the auction A informed B the land was to be sold to the tenants at a cost of £400,00. B put in a higher offer, but this was rejected. In court A conceded it had acted unlawfully by not taking adequate steps, set out in the Local Government Act 1972 S123, to obtain best value for the units. However, A also contended that its contract with the tenants could not be set aside, due to the rights afforded to third parties by s128(2) of the 1972 Act. "Held": Application allowed and the contract was declared invalid. S128(2) only applies once a transaction has been completed. |
| 590 ## - LOCAL NOTE (RLIN) | |
| Local note | ABS |
| 650 ## - SUBJECT ADDED ENTRY--TOPICAL TERM | |
| Topical term or geographic name entry element | OPEN MARKET |
| 650 ## - SUBJECT ADDED ENTRY--TOPICAL TERM | |
| Topical term or geographic name entry element | LOCAL GOVERNMENT ACT 1972 S128(2) |
| 650 ## - SUBJECT ADDED ENTRY--TOPICAL TERM | |
| Topical term or geographic name entry element | LOCAL GOVERNMENT ACT 1972 S123 |
| 650 ## - SUBJECT ADDED ENTRY--TOPICAL TERM | |
| Topical term or geographic name entry element | THIRD PARTY RIGHTS |
| 650 ## - SUBJECT ADDED ENTRY--TOPICAL TERM | |
| Topical term or geographic name entry element | R V HACKNEY LBC EX P STRUCTADENE LTD |
| 650 ## - SUBJECT ADDED ENTRY--TOPICAL TERM | |
| Topical term or geographic name entry element | BEST VALUE |
| 650 ## - SUBJECT ADDED ENTRY--TOPICAL TERM | |
| Topical term or geographic name entry element | FIDUCIARY DUTY |
| 690 ## - LOCAL SUBJECT ADDED ENTRY--TOPICAL TERM (OCLC, RLIN) | |
| Topical term or geographic name as entry element | PROPERTY AND LAND LAW-CASE LAW |
| 942 ## - ADDED ENTRY ELEMENTS (KOHA) | |
| Suppress in OPAC | 0 |
| Withdrawn status | Lost status | Source of classification or shelving scheme | Damaged status | Not for loan | Home library | Current library | Shelving location | Date acquired | Total Checkouts | Full call number | Barcode | Date last seen | Copy number | Price effective from | Koha item type |
|---|---|---|---|---|---|---|---|---|---|---|---|---|---|---|---|
| Dewey Decimal Classification | London | London | Journal article | 02/04/2001 | ABS63765 | 111741-1001 | 06/08/2019 | 1 | 06/08/2019 | Journal article |